01085nam a2200241 a 450000100100000000500170001000800410002704000250006808200260009310000390011924500500015825000110020826000740021930000130029359000260030665000280033265000310036091000420039195201390043395201240057295201300069699900170082600001107020240412074222.0091014s2002 dr r 000 0 spa d aDO-SdBNPbspacBNPHU aRD861.44bR569e, 20021 aRiggio Pou, Güido,d1949-92657314aLos espejos del tiempo /cGüido Riggio Pou. a2a ed. aSantiago de los Caballeros, República Dominicana :bKrystal,c2002. a[34 p.]. aInventariado, 2018/BT 0aPoesía dominicana966 0aLiteratura dominicana.967 aValidado. Control de calidad. MMOLINA 001054708DSaGRbGRcHDd2009-10-14iLF1l0oRD861.44 R569e, 2002p11070-30r2020-06-25te. 3w2020-06-25yLFDSZPréstamo en sala 0010718PDaPDbPDcHDd2009-10-14iLF1l0oRD861.44 R569e, 2002p11070-10r2020-06-25w2020-06-25yLFPDZNo se presta 0010718PDaPDbPDcHDd2009-10-14iLF1l0oRD861.44 R569e, 2002p11070-20r2020-06-25te. 2w2020-06-25yLFPDZNo se presta c10795d10795